Nir. read It. write It. draw It: (Record no. 5797)
[ view plain ]
| 000 -LEADER | |
|---|---|
| fixed length control field | 01283nam a22002777a 4500 |
| 001 - CONTROL NUMBER | |
| control field | 5797 |
| 003 - CONTROL NUMBER IDENTIFIER | |
| control field | FISKH |
| 005 - DATE AND TIME OF LATEST TRANSACTION | |
| control field | 20250331092401.0 |
| 008 - FIXED-LENGTH DATA ELEMENTS--GENERAL INFORMATION | |
| fixed length control field | 250122b cb ||||| |||| 00| 0 eng d |
| 020 ## - INTERNATIONAL STANDARD BOOK NUMBER | |
| International Standard Book Number | 9781584768241 |
| 040 ## - CATALOGING SOURCE | |
| Original cataloging agency | FISKH |
| Language of cataloging | eng |
| Transcribing agency | FISKH |
| Modifying agency | FISKH |
| 050 ## - LIBRARY OF CONGRESS CALL NUMBER | |
| Classification number | PZ7 |
| 082 ## - DEWEY DECIMAL CLASSIFICATION NUMBER | |
| Classification number | 810 |
| 100 ## - MAIN ENTRY--PERSONAL NAME | |
| Personal name | Gaydos, Nora |
| 245 ## - TITLE STATEMENT | |
| Title | Nir. read It. write It. draw It: |
| Remainder of title | The neat pig / |
| Statement of responsibility, etc. | Written by Nora Gaydos ; Illustrated by Electric Ink Studio |
| 260 ## - PUBLICATION, DISTRIBUTION, ETC. | |
| Place of publication, distribution, etc. | Norwalk : |
| Name of publisher, distributor, etc. | Innovative Kids, |
| Date of publication, distribution, etc. | 2008. |
| 300 ## - PHYSICAL DESCRIPTION | |
| Extent | 32 pages : |
| Other physical details | color illustrations ; |
| Dimensions | 23 cm |
| 490 ## - SERIES STATEMENT | |
| Series statement | Now i'm reading : |
| Volume/sequential designation | Level 2 |
| 505 ## - FORMATTED CONTENTS NOTE | |
| Formatted contents note | A |
| 520 ## - SUMMARY, ETC. | |
| Summary, etc. | This extension of the award-winning, best-selling series by acclaimed author Nora Gaydos, engages kids in an entertaining, hands-on reading, writing, and drawing experience! Reading and writing naturally go hand-in-hand, but the Read it - Write it - Draw it series goes a step further! The third component, drawing, lets kids exercise their imaginations as they add their own creative touch to the story. Pig wants to be clean, but will his mom and dad ever understand? |
| 521 8# - TARGET AUDIENCE NOTE | |
| Target audience note | 70<br/> |
| Source | Lexile estimate<br/> |
| 521 8# - TARGET AUDIENCE NOTE | |
| Target audience note | A<br/> |
| Source | Raz-Plus<br/> |
| 650 ## - SUBJECT ADDED ENTRY--TOPICAL TERM | |
| Topical term or geographic name entry element | Children's Fantasy |
| Form subdivision | Young Readers |
| General subdivision | Reader Pigs |
| 942 ## - ADDED ENTRY ELEMENTS (KOHA) | |
| Source of classification or shelving scheme | Dewey Decimal Classification |
| Koha item type | Books |
| Suppress in OPAC | No |
| Withdrawn status | Lost status | Source of classification or shelving scheme | Damaged status | Not for loan | Collection | Home library | Current library | Shelving location | Date acquired | Total Checkouts | Full call number | Barcode | Date last seen | Price effective from | Koha item type | Total Renewals | Date last checked out | Copy number |
|---|---|---|---|---|---|---|---|---|---|---|---|---|---|---|---|---|---|---|
| Dewey Decimal Classification | Juvenile Fiction | Footprints International School Library Network Toul Kork Campus | Footprints International School Library Network Toul Kork Campus | TK Primary Library Room(4th Floor), Bookcase 7, Shelves 57-60, Dark Green Books | 01/22/2025 | GAY 810 PZ7 | FISTK01226 | 01/22/2025 | 01/22/2025 | Books | ||||||||
| Dewey Decimal Classification | Juvenile Fiction | Footprints International School Library Network Toul Tom Poung Campus | Footprints International School Library Network Toul Kork Campus | TTP Primary Green Bookshelves | 03/31/2025 | 2 | GAY 810 PZ7 | 2025-0908 | 12/01/2025 | 03/31/2025 | Books | 1 | 11/10/2025 | 2 |
